[Event "Internationaal Jeugdtoernooi Limburg 1"]
[Site "Maastricht"]
[Date "1995.07.08"]
[Round "5"]
[White "Van Gils, Philip"]
[Black "Hendriks, Mathijs"]
[Result "1-0"]
[WhiteElo "1619"]
[BlackElo "1550"]
[PlyCount "49"]
[EventDate "1995.07.06"]
[EventType "swiss"]
[EventRounds "7"]
[EventCountry "NED"]
[Source "P.Boonen"]
[SourceDate "2009.01.01"]

1. e4 c5 2. Nc3 e6 3. g3 Nc6 4. Bg2 Nf6 5. f4 d6 6. Nf3 Be7 7. d3 a6 8. O-O Qc7
9. Ne2 e5 10. c3 Bg4 11. h3 Bxf3 12. Bxf3 h5 13. Be3 O-O-O 14. Qb3 Rdg8 15.
Qxf7 exf4 16. Nxf4 g5 17. Ng6 Rh7 18. Nxe7+ Qxe7 19. Qxe7 Nxe7 20. Be2 Nd7 21.
Rf2 Kd8 22. Raf1 Ke8 23. d4 Nc8 24. Bc4 Rgg7 25. Bd5 1-0

[Event "Internationaal Jeugdtoernooi Limburg 1"]
[Site "Maastricht"]
[Date "1995.07.08"]
[Round "5"]
[White "Van Prooijen, Jan Willem"]
[Black "Strijbos, Maarten"]
[Result "1-0"]
[WhiteElo "2110"]
[BlackElo "2276"]
[PlyCount "87"]
[EventDate "1995.07.06"]
[EventType "swiss"]
[EventRounds "7"]
[EventCountry "NED"]
[Source "P.Boonen"]
[SourceDate "2009.01.01"]

1. e4 c5 2. Nf3 Nc6 3. d4 cxd4 4. Nxd4 g6 5. c4 Bg7 6. Be3 Nf6 7. Nc3 d6 8. Be2
O-O 9. O-O Bd7 10. Rc1 Nxd4 11. Bxd4 Bh6 12. f4 Bc6 13. Qd3 e5 14. Be3 Nd7 15.
f5 Bxe3+ 16. Qxe3 Qb6 17. Qxb6 Nxb6 18. Rcd1 Rad8 19. Rd2 Rd7 20. b3 f6 21.
fxg6 hxg6 22. Bg4 Rdd8 23. Be6+ Kg7 24. Rfd1 f5 25. exf5 gxf5 26. Rxd6 Rxd6 27.
Rxd6 Rf6 28. c5 Na8 29. Nd5 Rxe6 30. Rxe6 Bxd5 31. Rxe5 Be4 32. Re8 b6 33. Re7+
Kf6 34. Rxa7 bxc5 35. Ra5 Nc7 36. Rxc5 Ne6 37. Rc8 Ke5 38. a4 Kd6 39. a5 Nc7
40. b4 Kd7 41. Rb8 Kc6 42. Rb6+ Kd7 43. a6 Nd5 44. Rb8 1-0

[Event "Internationaal Jeugdtoernooi Limburg 1"]
[Site "Maastricht"]
[Date "1995.07.08"]
[Round "6"]
[White "Abeln, Michiel"]
[Black "Roobol, Martin"]
[Result "1/2-1/2"]
[WhiteElo "2115"]
[BlackElo "2275"]
[PlyCount "34"]
[EventDate "1995.07.06"]
[EventType "swiss"]
[EventRounds "7"]
[EventCountry "NED"]
[Source "P.Boonen"]
[SourceDate "2009.01.01"]

1. e4 c5 2. Nf3 d6 3. d4 cxd4 4. Nxd4 Nf6 5. Nc3 g6 6. Be3 Bg7 7. f3 O-O 8. Qd2
Nc6 9. g4 Nxd4 10. Bxd4 Be6 11. O-O-O Qa5 12. a3 Rab8 13. h4 b5 14. Nd5 Qxd2+
15. Rxd2 Bxd5 16. exd5 a5 17. g5 Nh5 1/2-1/2

[Event "Internationaal Jeugdtoernooi Limburg 1"]
[Site "Maastricht"]
[Date "1995.07.08"]
[Round "6"]
[White "Cohen, Jaap"]
[Black "Van Gemen, Felix"]
[Result "1-0"]
[WhiteElo "1600"]
[BlackElo "1700"]
[PlyCount "87"]
[EventDate "1995.07.06"]
[EventType "swiss"]
[EventRounds "7"]
[EventCountry "NED"]
[Source "P.Boonen"]
[SourceDate "2009.01.01"]

1. e4 e6 2. d4 d5 3. exd5 exd5 4. Nf3 Bd6 5. Bd3 Ne7 6. Be3 Bg4 7. Nbd2 Nd7 8.
O-O c6 9. c4 Nf6 10. Qb3 Qb8 11. h3 Bf5 12. Rfe1 Bxd3 13. Qxd3 O-O 14. Bg5 Ng6
15. Bxf6 gxf6 16. cxd5 Nf4 17. Qf5 Nxd5 18. Re4 Ne7 19. Rg4+ Ng6 20. Qxf6 Qd8
21. Qf5 Qc8 22. Qh5 Qd7 23. Nh4 Kh8 24. Ne4 Nf4 25. Qg5 Ng6 26. Qh6 Be7 27.
Nxg6+ fxg6 28. Rxg6 Rg8 29. Rxg8+ Rxg8 30. Nf6 Bxf6 31. Qxf6+ Rg7 32. Re1 Kg8
33. Qe6+ Qxe6 34. Rxe6 Rd7 35. Kf1 Rxd4 36. Ke1 Kf7 37. Re2 c5 38. Rd2 Rxd2 39.
Kxd2 Ke6 40. Kd3 b5 41. Ke4 a5 42. g4 a4 43. f4 c4 44. Kd4 1-0

[Event "Internationaal Jeugdtoernooi Limburg 1"]
[Site "Maastricht"]
[Date "1995.07.08"]
[Round "6"]
[White "Croonenborghs, Tom"]
[Black "Middelburg, Tom"]
[Result "0-1"]
[WhiteElo "2118"]
[BlackElo "1953"]
[PlyCount "24"]
[EventDate "1995.07.06"]
[EventType "swiss"]
[EventRounds "7"]
[EventCountry "NED"]
[Source "P.Boonen"]
[SourceDate "2009.01.01"]

1. e4 c5 2. c3 Nf6 3. e5 Nd5 4. d4 cxd4 5. Nf3 d6 6. exd6 Qxd6 7. cxd4 Nc6 8.
a3 Bg4 9. Be3 e6 10. Nbd2 Be7 11. Ne4 Qc7 12. Bb5 Qa5+ 0-1

[Event "Internationaal Jeugdtoernooi Limburg 1"]
[Site "Maastricht"]
[Date "1995.07.08"]
[Round "6"]
[White "De Rijck, Johan"]
[Black "Hoehensteiger, Patrick"]
[Result "1/2-1/2"]
[WhiteElo "1699"]
[BlackElo "1868"]
[PlyCount "30"]
[EventDate "1995.07.06"]
[EventType "swiss"]
[EventRounds "7"]
[EventCountry "NED"]
[Source "P.Boonen"]
[SourceDate "2009.01.01"]

1. e4 c5 2. Nc3 Nc6 3. g3 g6 4. Bg2 Bg7 5. d3 d6 6. f4 e6 7. Nf3 Nge7 8. O-O
O-O 9. a3 Rb8 10. Be3 Nd4 11. Rb1 Nec6 12. Ne2 b5 13. c3 Nxe2+ 14. Qxe2 f5 15.
e5 Rf7 1/2-1/2

[Event "Internationaal Jeugdtoernooi Limburg 1"]
[Site "Maastricht"]
[Date "1995.07.08"]
[Round "6"]
[White "Deegens, Vincent"]
[Black "Van Prooijen, Jan Willem"]
[Result "1/2-1/2"]
[WhiteElo "2043"]
[BlackElo "2110"]
[PlyCount "53"]
[EventDate "1995.07.06"]
[EventType "swiss"]
[EventRounds "7"]
[EventCountry "NED"]
[Source "P.Boonen"]
[SourceDate "2009.01.01"]

1. e4 d6 2. d4 Nf6 3. Nc3 g6 4. Bg5 Bg7 5. Qd2 Nbd7 6. Bh6 Bxh6 7. Qxh6 c5 8.
Nf3 Qa5 9. O-O-O cxd4 10. Nxd4 a6 11. Bc4 Ne5 12. Bb3 Bd7 13. f4 Neg4 14. Qg7
Rf8 15. Rhe1 Nh5 16. Qxh7 Nxf4 17. Nd5 Nxd5 18. exd5 Ne5 19. Rxe5 dxe5 20. Ne6
fxe6 21. dxe6 O-O-O 22. exd7+ Kb8 23. Qxe7 Rf2 24. Qd6+ Qc7 25. Qxg6 e4 26.
Qxe4 Qxh2 27. Be6 1/2-1/2

[Event "Internationaal Jeugdtoernooi Limburg 1"]
[Site "Maastricht"]
[Date "1995.07.08"]
[Round "6"]
[White "Driessens, Patrick"]
[Black "Kroeze, Frank"]
[Result "1-0"]
[WhiteElo "2085"]
[BlackElo "2386"]
[PlyCount "47"]
[EventDate "1995.07.06"]
[EventType "swiss"]
[EventRounds "7"]
[EventCountry "NED"]
[Source "P.Boonen"]
[SourceDate "2009.01.01"]

1. Nf3 d5 2. d4 c6 3. c4 dxc4 4. e3 b5 5. a4 e6 6. axb5 cxb5 7. b3 Bb4+ 8. Bd2
Bxd2+ 9. Nbxd2 a5 10. bxc4 b4 11. e4 Ne7 12. Bd3 e5 13. d5 Nd7 14. Bc2 O-O 15.
Ba4 Nc5 16. Nxe5 f5 17. exf5 Qd6 18. Ndf3 Rxf5 19. O-O Rxe5 20. Nxe5 Qxe5 21.
d6 Nf5 22. d7 Bxd7 23. Bxd7 Rd8 24. Re1 1-0

[Event "Internationaal Jeugdtoernooi Limburg 1"]
[Site "Maastricht"]
[Date "1995.07.08"]
[Round "6"]
[White "Holtackers, Daan"]
[Black "Van Haastert, Edwin"]
[Result "1/2-1/2"]
[WhiteElo "1736"]
[BlackElo "2242"]
[PlyCount "95"]
[EventDate "1995.07.06"]
[EventType "swiss"]
[EventRounds "7"]
[EventCountry "NED"]
[Source "P.Boonen"]
[SourceDate "2009.01.01"]

1. e4 c5 2. Nf3 d6 3. d4 cxd4 4. Nxd4 Nf6 5. Nc3 g6 6. Bc4 Bg7 7. f3 O-O 8. Be3
Nc6 9. Qd2 Bd7 10. O-O Ne5 11. Bb3 Rc8 12. Qe2 a6 13. a4 Qc7 14. a5 Nc4 15.
Bxc4 Qxc4 16. Qxc4 Rxc4 17. Nde2 Rfc8 18. Nf4 Kf8 19. Rfd1 g5 20. Nfd5 Nxd5 21.
Nxd5 Rxc2 22. Bxg5 Re8 23. Rac1 Rxc1 24. Rxc1 Bd4+ 25. Kh1 Bc6 26. b4 f6 27.
Be3 Bxe3 28. Nxe3 e6 29. Nc2 Ke7 30. Kg1 Rc8 31. Nd4 Bd7 32. Rxc8 Bxc8 33. Kf2
e5 34. Ne2 Be6 35. Nc3 Kd7 36. Ke3 f5 37. Nd5 Bxd5 38. exd5 Ke7 39. g4 Kf6 40.
h4 h6 41. gxf5 Kxf5 42. h5 Kg5 43. Ke4 Kf6 44. f4 exf4 45. Kxf4 Ke7 46. Kf5 Kf8
47. Ke4 Ke7 48. Kf5 1/2-1/2

[Event "Internationaal Jeugdtoernooi Limburg 1"]
[Site "Maastricht"]
[Date "1995.07.08"]
[Round "6"]
[White "Huberty, Marc"]
[Black "Hoogendoorn, Joost"]
[Result "0-1"]
[WhiteElo "2125"]
[BlackElo "2242"]
[PlyCount "54"]
[EventDate "1995.07.06"]
[EventType "swiss"]
[EventRounds "7"]
[EventCountry "NED"]
[Source "P.Boonen"]
[SourceDate "2009.01.01"]

1. e4 c6 2. d3 e5 3. f4 d5 4. exd5 exf4 5. Bxf4 cxd5 6. d4 Bd6 7. Bxd6 Qxd6 8.
Nc3 Nf6 9. Nf3 O-O 10. Be2 Nc6 11. O-O Bf5 12. Nh4 Bg6 13. a3 Rae8 14. Bd3 Bxd3
15. Qxd3 Ng4 16. Qh3 Ne3 17. Rf3 Qe6 18. Re1 Qxh3 19. Rxh3 Nxc2 20. Rxe8 Rxe8
21. Nxd5 N6xd4 22. Rd3 f6 23. Kf2 Re2+ 24. Kg3 Nc6 25. Rc3 N2d4 26. b4 Re5 27.
Nf4 g5 0-1

[Event "Internationaal Jeugdtoernooi Limburg 1"]
[Site "Maastricht"]
[Date "1995.07.08"]
[Round "6"]
[White "Jurrissen, Remy"]
[Black "Snoeck, Rene"]
[Result "1/2-1/2"]
[WhiteElo "1750"]
[BlackElo "1481"]
[PlyCount "51"]
[EventDate "1995.07.06"]
[EventType "swiss"]
[EventRounds "7"]
[EventCountry "NED"]
[Source "P.Boonen"]
[SourceDate "2009.01.01"]

1. Nf3 d5 2. b3 Bf5 3. Bb2 Nf6 4. e3 e6 5. c4 c6 6. d4 Nbd7 7. Nc3 Be7 8. Be2
O-O 9. Nh4 Bg6 10. Nxg6 hxg6 11. e4 a5 12. h4 Re8 13. h5 gxh5 14. Bxh5 Bf8 15.
Qf3 g6 16. Bg4 Nxg4 17. Qxg4 Nf6 18. Qh3 Bg7 19. Ne2 Kf8 20. Nf4 Ke7 21. Qg3
Rh8 22. Rxh8 Qxh8 23. Nh3 Qb8 24. Qxb8 Rxb8 25. Ke2 Nd7 26. Bc3 1/2-1/2

[Event "Internationaal Jeugdtoernooi Limburg 1"]
[Site "Maastricht"]
[Date "1995.07.08"]
[Round "6"]
[White "Kerstens, Dennis"]
[Black "Halmans, Paul"]
[Result "1-0"]
[WhiteElo "2087"]
[BlackElo "1700"]
[PlyCount "51"]
[EventDate "1995.07.06"]
[EventType "swiss"]
[EventRounds "7"]
[EventCountry "NED"]
[Source "P.Boonen"]
[SourceDate "2009.01.01"]

1. e4 c5 2. Nf3 d6 3. d4 cxd4 4. Nxd4 Nf6 5. Nc3 g6 6. Be3 Bg7 7. Be2 Nc6 8. h4
Bd7 9. h5 Qc7 10. h6 Bf8 11. O-O Ne5 12. Ndb5 Qb8 13. Bg5 Nfg4 14. Nd5 f6 15.
f4 fxg5 16. fxe5 Nxe5 17. Nbc7+ Kd8 18. Nxa8 Qxa8 19. Qd2 Qc8 20. Qxg5 Qc5+ 21.
Kh1 Nc6 22. c3 Be6 23. b4 Nxb4 24. Rxf8+ Rxf8 25. Qxe7+ Kc8 26. Qxf8+ 1-0

[Event "Internationaal Jeugdtoernooi Limburg 1"]
[Site "Maastricht"]
[Date "1995.07.08"]
[Round "6"]
[White "Mueller, Alexander"]
[Black "Buch, Thomas"]
[Result "1/2-1/2"]
[WhiteElo "1850"]
[BlackElo "1921"]
[PlyCount "100"]
[EventDate "1995.07.06"]
[EventType "swiss"]
[EventRounds "7"]
[EventCountry "NED"]
[Source "P.Boonen"]
[SourceDate "2009.01.01"]

1. d4 Nf6 2. Nf3 e6 3. Bf4 b6 4. e3 Be7 5. Bd3 O-O 6. Nbd2 Bb7 7. c3 d6 8. Qe2
Nbd7 9. O-O Nh5 10. Bg3 Kh8 11. e4 Nxg3 12. hxg3 c5 13. Rac1 Rc8 14. Rfe1 cxd4
15. cxd4 Rxc1 16. Rxc1 Qb8 17. Bb5 Rc8 18. Rc3 Nf6 19. Qd3 d5 20. exd5 Nxd5 21.
Rc2 Nb4 22. Rxc8+ Qxc8 23. Qc4 Qxc4 24. Bxc4 Bf6 25. Ne5 Kg8 26. f4 Nc2 27. Nb3
Bxe5 28. dxe5 Ne3 29. Be2 Bd5 30. Nc1 Nc4 31. b3 Nd2 32. g4 Ne4 33. Bf3 Kf8 34.
Ne2 Ke7 35. Nd4 a6 36. Be2 b5 37. a4 Nc3 38. axb5 Nxe2+ 39. Nxe2 axb5 40. Nc3
Bxb3 41. Nxb5 Bd1 42. g5 Kd7 43. Kf2 Bh5 44. Ke3 Kc6 45. Nd6 f6 46. gxf6 gxf6
47. Ne4 fxe5 48. Nf6 exf4+ 49. Kxf4 Bg6 50. Ke5 Bf5 1/2-1/2

[Event "Internationaal Jeugdtoernooi Limburg 1"]
[Site "Maastricht"]
[Date "1995.07.08"]
[Round "6"]
[White "Muris, Vivianne"]
[Black "Spaapen, Robbert"]
[Result "0-1"]
[WhiteElo "1524"]
[BlackElo "1550"]
[PlyCount "160"]
[EventDate "1995.07.06"]
[EventType "swiss"]
[EventRounds "7"]
[EventCountry "NED"]
[Source "P.Boonen"]
[SourceDate "2009.01.01"]

1. e4 e5 2. Nf3 Nc6 3. Bc4 Bc5 4. c3 Nf6 5. d3 O-O 6. Bg5 h6 7. Bh4 Re8 8. O-O
Be7 9. Re1 d6 10. h3 Bd7 11. b4 Nh7 12. Bg3 a6 13. Qb3 Rf8 14. a4 Na7 15. b5 a5
16. Nbd2 Bg5 17. d4 exd4 18. cxd4 Bxd2 19. Nxd2 Ng5 20. e5 Nc8 21. f4 Ne6 22.
Nf3 Nb6 23. h4 Nxc4 24. Qxc4 Re8 25. Re2 Bc8 26. Rae1 d5 27. Qc2 g6 28. Qd2 Ng7
29. Bf2 Be6 30. g3 Qe7 31. Nh2 h5 32. Re3 Nf5 33. Rc3 Rec8 34. Qc2 Kg7 35. Nf3
Qd7 36. Kg2 c6 37. bxc6 bxc6 38. Ng5 Rab8 39. Nxe6+ fxe6 40. Rc1 Ne7 41. Rc5
Qa7 42. Be1 Qb6 43. Bxa5 Qb3 44. Qxb3 Rxb3 45. R5c3 Rb2+ 46. R1c2 Rxc2+ 47.
Rxc2 Nf5 48. Rd2 c5 49. dxc5 Rxc5 50. Bb6 Rc3 51. Bf2 Ra3 52. Rd1 Rxa4 53. Rd3
Ra2 54. Kf3 Kf7 55. Bg1 Ke7 56. Bf2 Kd7 57. Bd4 Kc6 58. Bf2 Ra4 59. Rc3+ Rc4
60. Rxc4+ dxc4 61. Ke2 Kd5 62. Kd2 Ne7 63. Kc3 Nc6 64. Be1 Na5 65. Kb4 Nb3 66.
Bc3 Nd4 67. Ka3 Nb5+ 68. Kb4 Nxc3 69. Kxc3 Kc5 70. Kd2 Kd4 71. Kc2 c3 72. Kd1
Kd3 73. Kc1 c2 74. g4 hxg4 75. h5 gxh5 76. f5 g3 77. fxe6 g2 78. e7 g1=Q+ 79.
Kb2 Qb6+ 80. Ka3 Qa7+ 0-1

[Event "Internationaal Jeugdtoernooi Limburg 1"]
[Site "Maastricht"]
[Date "1995.07.08"]
[Round "6"]
[White "Peek, Maurice"]
[Black "Dambacher, Martijn"]
[Result "1/2-1/2"]
[WhiteElo "2115"]
[BlackElo "2055"]
[PlyCount "67"]
[EventDate "1995.07.06"]
[EventType "swiss"]
[EventRounds "7"]
[EventCountry "NED"]
[Source "P.Boonen"]
[SourceDate "2009.01.01"]

1. e4 c5 2. Nf3 e6 3. d4 cxd4 4. Nxd4 Nf6 5. Nc3 d6 6. Bc4 Nc6 7. Be3 Be7 8.
Qe2 O-O 9. O-O-O a6 10. Bb3 Qc7 11. Rhg1 Nd7 12. g4 Nc5 13. g5 Bd7 14. Qh5 Rfc8
15. Rg3 g6 16. Qh6 Bf8 17. Qh4 Be7 18. Nde2 Nxb3+ 19. axb3 h5 20. Nf4 Be8 21.
Nxh5 gxh5 22. Qxh5 Bf8 23. Rh3 Bg7 24. Qh7+ Kf8 25. g6 fxg6 26. Rf3+ Bf7 27.
Bh6 Bxh6+ 28. Qxh6+ Ke7 29. Qh4+ Ke8 30. Qh8+ Ke7 31. Qf6+ Ke8 32. Qh8+ Ke7 33.
Qf6+ Ke8 34. Qh8+ 1/2-1/2

[Event "Internationaal Jeugdtoernooi Limburg 1"]
[Site "Maastricht"]
[Date "1995.07.08"]
[Round "6"]
[White "Renette, Hans"]
[Black "De Blecourt, Sandra"]
[Result "1/2-1/2"]
[WhiteElo "2071"]
[BlackElo "1877"]
[PlyCount "28"]
[EventDate "1995.07.06"]
[EventType "swiss"]
[EventRounds "7"]
[EventCountry "NED"]
[Source "P.Boonen"]
[SourceDate "2009.01.01"]

1. d4 d5 2. Nf3 Bf5 3. g3 e6 4. Bg2 Nf6 5. Nh4 Bg6 6. Nxg6 hxg6 7. Bg5 Be7 8.
c3 Nbd7 9. O-O Nf8 10. Nd2 N8h7 11. Bxf6 Nxf6 12. e4 c6 13. e5 Ng8 14. b4 a5
1/2-1/2

[Event "Internationaal Jeugdtoernooi Limburg 1"]
[Site "Maastricht"]
[Date "1995.07.08"]
[Round "6"]
[White "Schilperoort, Jeroen"]
[Black "Van Elmpt, Wouter"]
[Result "1/2-1/2"]
[WhiteElo "1620"]
[BlackElo "1550"]
[PlyCount "31"]
[EventDate "1995.07.06"]
[EventType "swiss"]
[EventRounds "7"]
[EventCountry "NED"]
[Source "P.Boonen"]
[SourceDate "2009.01.01"]

1. d4 d5 2. c4 Nf6 3. Nf3 e6 4. e3 Bd6 5. Nc3 O-O 6. cxd5 exd5 7. Bd3 Be6 8.
O-O c6 9. Qc2 g6 10. Nd2 Ng4 11. h3 Nf6 12. Nb3 Qd7 13. Na4 b6 14. f4 Bf5 15.
Bxf5 gxf5 16. Nc3 1/2-1/2

[Event "Internationaal Jeugdtoernooi Limburg 1"]
[Site "Maastricht"]
[Date "1995.07.08"]
[Round "6"]
[White "Schreiber, Christophe"]
[Black "Kipper, Jens"]
[Result "0-1"]
[WhiteElo "1950"]
[BlackElo "2088"]
[PlyCount "106"]
[EventDate "1995.07.06"]
[EventType "swiss"]
[EventRounds "7"]
[EventCountry "NED"]
[Source "P.Boonen"]
[SourceDate "2009.01.01"]

1. e4 e6 2. d4 d5 3. exd5 exd5 4. Bd3 Nc6 5. Ne2 Bd6 6. Nbc3 Nb4 7. Be3 c6 8.
a3 Nxd3+ 9. Qxd3 Ne7 10. Ng3 h5 11. O-O-O Qc7 12. Rhe1 h4 13. Nge2 Bg4 14. f3
Bf5 15. Qd2 Bxh2 16. Bf4 Bxf4 17. Nxf4 O-O-O 18. Nd3 f6 19. Re2 Bxd3 20. Qxd3
Qf4+ 21. Qd2 Qxd2+ 22. Rdxd2 Rde8 23. Nd1 Nf5 24. c3 Ng3 25. Rxe8+ Rxe8 26. Kc2
Re2 27. Nf2 Kd7 28. Nd3 b6 29. Nf4 Rxd2+ 30. Kxd2 g5 31. Nh3 Ke6 32. Ke3 Kf5
33. Nf2 Ke6 34. Nd3 Nf5+ 35. Kf2 Nd6 36. Nb4 Kd7 37. Kg1 Nc4 38. Nd3 Ke6 39. g3
hxg3 40. Kg2 a5 41. Kxg3 Kf5 42. a4 Kg6 43. b4 f5 44. bxa5 bxa5 45. Nc5 f4+ 46.
Kf2 Kf5 47. Nb7 g4 48. fxg4+ Kxg4 49. Nd8 Nd2 50. Nxc6 Ne4+ 51. Kf1 Kg3 52. Ne5
f3 53. c4 Nd2+ 0-1

[Event "Internationaal Jeugdtoernooi Limburg 1"]
[Site "Maastricht"]
[Date "1995.07.08"]
[Round "6"]
[White "Smeets, Christophe"]
[Black "Van Gils, Philip"]
[Result "1/2-1/2"]
[WhiteElo "1933"]
[BlackElo "1619"]
[PlyCount "25"]
[EventDate "1995.07.06"]
[EventType "swiss"]
[EventRounds "7"]
[EventCountry "NED"]
[Source "P.Boonen"]
[SourceDate "2009.01.01"]

1. d4 Nf6 2. c4 e6 3. Nc3 d5 4. cxd5 exd5 5. Bg5 Be7 6. e3 Bf5 7. Qb3 Nbd7 8.
Bxf6 Nxf6 9. Qxb7 O-O 10. Bb5 Rb8 11. Qxa7 Ra8 12. Qb7 Rb8 13. Qa7 1/2-1/2

[Event "Internationaal Jeugdtoernooi Limburg 1"]
[Site "Maastricht"]
[Date "1995.07.08"]
[Round "6"]
[White "Strijbos, Maarten"]
[Black "Segers, Stefan"]
[Result "1-0"]
[WhiteElo "2276"]
[BlackElo "1684"]
[PlyCount "82"]
[EventDate "1995.07.06"]
[EventType "swiss"]
[EventRounds "7"]
[EventCountry "NED"]
[Source "P.Boonen"]
[SourceDate "2009.01.01"]

1. e4 c5 2. Nc3 Nc6 3. g3 d6 4. Bg2 g6 5. d3 Bg7 6. Be3 Nf6 7. Qd2 Bd7 8. Bh6
O-O 9. h4 Ne5 10. Nf3 Neg4 11. Bxg7 Kxg7 12. O-O-O Rb8 13. d4 Qc7 14. e5 dxe5
15. dxe5 Nxe5 16. Qf4 Nfg4 17. Rxd7 Qxd7 18. Nxe5 Nxe5 19. Qxe5+ f6 20. Qxc5 b6
21. Qe3 e5 22. h5 g5 23. h6+ Kh8 24. Rd1 Qe7 25. f4 Rbd8 26. Rxd8 Rxd8 27. fxg5
fxg5 28. Nd5 Qe6 29. Qxg5 Rg8 30. Qh4 Rg6 31. Be4 Rxh6 32. Qd8+ Qg8 33. Qd7 Re6
34. Qxa7 Qg5+ 35. Kb1 Qh5 36. a3 b5 37. g4 Qh4 38. Qf7 Rg6 39. Bxg6 hxg6 40.
Qf8+ Kh7 41. Nf6+ Qxf6 1-0

[Event "Internationaal Jeugdtoernooi Limburg 1"]
[Site "Maastricht"]
[Date "1995.07.08"]
[Round "6"]
[White "Van Nieuwenborg, Alwin"]
[Black "De Heer, Machiel"]
[Result "1-0"]
[WhiteElo "1906"]
[BlackElo "2140"]
[PlyCount "117"]
[EventDate "1995.07.06"]
[EventType "swiss"]
[EventRounds "7"]
[EventCountry "NED"]
[Source "P.Boonen"]
[SourceDate "2009.01.01"]

1. e4 e5 2. Nf3 d6 3. d4 exd4 4. Nxd4 g6 5. Nc3 Bg7 6. Be2 Nc6 7. Be3 Nf6 8.
O-O O-O 9. f4 Re8 10. Bf3 Bd7 11. Re1 a5 12. Nxc6 bxc6 13. Rb1 Qc8 14. Bf2 Bg4
15. Bxg4 Qxg4 16. Qxg4 Nxg4 17. h3 Nxf2 18. Kxf2 Rab8 19. Kf3 Kf8 20. Nd1 f5
21. b3 Re7 22. Nf2 Rbe8 23. Rbd1 c5 24. a4 Bd4 25. e5 dxe5 26. fxe5 Rxe5 27.
Rxe5 Rxe5 28. Rd3 Ke7 29. Nd1 Re1 30. c3 Bg1 31. Rd2 g5 32. Re2+ Rxe2 33. Kxe2
Bh2 34. Ne3 Be5 35. Kd3 Ke6 36. Nc4 g4 37. Nxa5 h5 38. Nc4 Bg3 39. a5 c6 40. a6
Bb8 41. Na5 Kd5 42. c4+ Kd6 43. Nb7+ Ke5 44. Ke3 f4+ 45. Ke2 Ba7 46. hxg4 hxg4
47. Nd8 Kd6 48. Nf7+ Kc7 49. Ne5 Kb6 50. Nxg4 Bb8 51. Nf2 Kxa6 52. Nd3 Ka5 53.
Kf3 Bc7 54. Ke4 Bb8 55. Kf5 Bc7 56. Nxc5 Kb4 57. Na6+ Kxb3 58. Nxc7 Kxc4 59.
Kxf4 1-0

[Event "Internationaal Jeugdtoernooi Limburg 1"]
[Site "Maastricht"]
[Date "1995.07.08"]
[Round "6"]
[White "Vrancken, Gilbert"]
[Black "Pater, Evelien"]
[Result "1/2-1/2"]
[WhiteElo "1744"]
[BlackElo "1874"]
[PlyCount "90"]
[EventDate "1995.07.06"]
[EventType "swiss"]
[EventRounds "7"]
[EventCountry "NED"]
[Source "P.Boonen"]
[SourceDate "2009.01.01"]

1. d4 Nf6 2. Bg5 g6 3. Nf3 Bg7 4. c3 d6 5. Nbd2 Nbd7 6. e3 c6 7. Bd3 Qc7 8. O-O
O-O 9. Re1 e5 10. e4 h6 11. Bh4 Nh5 12. Nf1 Ndf6 13. Qd2 Nf4 14. Ne3 Ng4 15. h3
Nxe3 16. fxe3 Nxd3 17. Qxd3 f5 18. exf5 g5 19. Bg3 e4 20. Qc4+ Kh8 21. Nd2 Bxf5
22. Qb4 c5 23. dxc5 dxc5 24. Bxc7 cxb4 25. Ba5 bxc3 26. Bxc3 Bxc3 27. bxc3 Rac8
28. c4 Rfd8 29. Red1 g4 30. Kh2 Rd3 31. Rab1 Rcd8 32. Rf1 Rxe3 33. Rxf5 g3+ 34.
Kg1 Rxd2 35. Rxb7 Re1+ 36. Rf1 Rxf1+ 37. Kxf1 Rf2+ 38. Ke1 Rxg2 39. Re7 Rxa2
40. Kf1 Rf2+ 41. Kg1 Re2 42. Rxa7 e3 43. Re7 Kg8 44. c5 Kf8 45. Re4 Rc2 1/2-1/2

[Event "Internationaal Jeugdtoernooi Limburg 1"]
[Site "Maastricht"]
[Date "1995.07.08"]
[Round "6"]
[White "Wuts, Frank"]
[Black "Kouwenhoven, Marisca"]
[Result "1-0"]
[WhiteElo "2262"]
[BlackElo "1958"]
[PlyCount "45"]
[EventDate "1995.07.06"]
[EventType "swiss"]
[EventRounds "7"]
[EventCountry "NED"]
[Source "P.Boonen"]
[SourceDate "2009.01.01"]

1. d4 Nf6 2. Nc3 d5 3. e4 dxe4 4. f3 exf3 5. Nxf3 g6 6. Bc4 Bg7 7. O-O O-O 8.
Qe1 Bg4 9. Qh4 Nc6 10. Be3 Qd7 11. Ne5 Nxe5 12. dxe5 Ne8 13. Nd5 Be6 14. Nxe7+
Kh8 15. Rad1 Qa4 16. b3 Qa5 17. Bxe6 Qxe5 18. Bxf7 Qxe3+ 19. Kh1 Bf6 20. Nxg6+
Kg7 21. Qg4 Rxf7 22. Ne5+ Kf8 23. Nxf7 1-0

[Event "Internationaal Jeugdtoernooi Limburg 1"]
[Site "Maastricht"]
[Date "1995.07.09"]
[Round "7"]
[White "Buch, Thomas"]
[Black "Cohen, Jaap"]
[Result "1-0"]
[WhiteElo "1921"]
[BlackElo "1600"]
[PlyCount "61"]
[EventDate "1995.07.06"]
[EventType "swiss"]
[EventRounds "7"]
[EventCountry "NED"]
[Source "P.Boonen"]
[SourceDate "2009.01.01"]

1. e4 c5 2. Nc3 e6 3. g3 Nc6 4. Bg2 Nf6 5. d3 Be7 6. f4 d5 7. e5 Nd7 8. Nf3 a6
9. a4 Qc7 10. Bd2 Rb8 11. a5 O-O 12. O-O b5 13. axb6 Qxb6 14. Na4 Qa7 15. Be3
Qc7 16. h4 Na7 17. Ng5 Nb6 18. Qh5 h6 19. Nxb6 Rxb6 20. c4 d4 21. Bd2 Rxb2 22.
Bc1 Rb6 23. Be4 f5 24. exf6 Rxf6 25. Bh7+ Kf8 26. Ne4 Rb3 27. Nxf6 Bxf6 28. Ba3
Rxd3 29. Qxc5+ Qxc5 30. Bxc5+ Be7 31. Bxe7+ 1-0

[Event "Internationaal Jeugdtoernooi Limburg 1"]
[Site "Maastricht"]
[Date "1995.07.09"]
[Round "7"]
[White "Dambacher, Martijn"]
[Black "Deegens, Vincent"]
[Result "0-1"]
[WhiteElo "2055"]
[BlackElo "2043"]
[PlyCount "42"]
[EventDate "1995.07.06"]
[EventType "swiss"]
[EventRounds "7"]
[EventCountry "NED"]
[Source "P.Boonen"]
[SourceDate "2009.01.01"]

1. e4 e6 2. Nc3 d5 3. Nf3 Nf6 4. e5 Nfd7 5. d3 c5 6. g3 Nc6 7. Bf4 Be7 8. h4
Qa5 9. Qd2 Nb4 10. d4 cxd4 11. Nxd4 Nc6 12. Bb5 Qb6 13. Bxc6 bxc6 14. O-O c5
15. Nf5 Bf8 16. Nd6+ Bxd6 17. exd6 O-O 18. Rfe1 Bb7 19. Qe2 e5 20. Bh6 f5 21.
Bg5 Qxd6 0-1

[Event "Internationaal Jeugdtoernooi Limburg 1"]
[Site "Maastricht"]
[Date "1995.07.09"]
[Round "7"]
[White "De Blecourt, Sandra"]
[Black "Holtackers, Daan"]
[Result "1/2-1/2"]
[WhiteElo "1877"]
[BlackElo "1736"]
[PlyCount "55"]
[EventDate "1995.07.06"]
[EventType "swiss"]
[EventRounds "7"]
[EventCountry "NED"]
[Source "P.Boonen"]
[SourceDate "2009.01.01"]

1. d4 d5 2. c4 e6 3. Nc3 Nf6 4. Bg5 Be7 5. e3 a6 6. Nf3 dxc4 7. a4 b6 8. Bxc4
Bb7 9. O-O Nbd7 10. Re1 O-O 11. e4 h6 12. Bf4 Bb4 13. Bd3 Rc8 14. Qe2 a5 15.
Rec1 Bxc3 16. Rxc3 Ne8 17. Rd1 Qe7 18. Bb5 Nd6 19. Bd3 Rfd8 20. Bb1 c5 21. Bxd6
Qxd6 22. dxc5 Qe7 23. cxb6 Rxc3 24. bxc3 Nxb6 25. Bc2 Bc6 26. Nd4 Bxa4 27. Bxa4
Nxa4 28. Qc2 1/2-1/2